00510 a2200169 450000100060000008200180000609000170002410000180004124500610005925000060012026000310012630000190015750000170017694200280019399900190022195201000024092141 a670.28563 DAG c44102d44101 aCihan H Dagli aArtificial Neural Networks for Intelligent Manufacturing a1 aUKbChapman and Hallc1994 axvi, 469p.bHb aGeneral Book aCAE NUSTk670.28563 DAG c327214d327214 001040708NFICaCAEbCAEd2017-04-03l0o670.28563 DAGpCAEG-9931r2017-04-05w2017-04-05yBK